20th century boys - Statistiques

Statistiques générales
  • Ce quiz a été pris 53 fois
  • Le résultat moyen est 10 sur 27
Statistiques - réponses
Hint Réponse % Correct
Héro de l'histoire Kenji
100%
Nièce du héro Kanna
87%
Membre de la cabaneet héro à Bangkok Otcho
82%
Ami Fukube
72%
Membre de la cabane experten Soba Soba Croa Croa
64%
Ancien SDF voyant dansle futur Dieu
64%
Membre de la cabanefaible et reserver Yoshitsune
56%
A vu un miracle d'Ami avant de sauter par la fenetre et Membre de la cabane Donkey
54%
Membre gourmand de la cabane Maruo
51%
Membre de la cabanequi faisaient partie des douanes Yukiji
49%
Soeur du héro Kiriko
46%
Portant toujours un masqueen 1997 Sadakiyo
46%
Membre de la cabaneayant une maladie grave Mon-Chan
41%
Dirige les plans d'amis Manjome
38%
A etabli le virus Yamane
23%
Jeune inspecteur Chono
21%
Fanatique d'ami Numero 13
18%
Déesse du bowling selonDieu Koizumi
15%
Va a la rencontre de la reine desglaces Sanae
10%
Dream navigator d'ami landet maitresse de manjome takasu
10%
Ancien yakuza maintenantpretre Nitani
8%
Jumeaux terrorisants les Membre de la cabane Yanbo et Maabo
8%
Mangaka en prison Kakuta
3%
Mère du héro Chiyo
0%
2ème Ami Kastumata
0%
Cache Otcho Katsuo
0%
Chanteur très populaire contreami Namio Haru
0%
Aucun quiz correspondant
Distribution des résultats
% des personnes avec chaque résultat
Percentile par nombre de réponses
Votre historique - résultats
Vous n’avez pas pris ce quiz